Collins Spanish dictionary /
Guardado en:
| Otros Autores: | , , |
|---|---|
| Formato: | Libro |
| Idioma: | English Spanish |
| Publicado: |
Glasgow ; New York : Barcelona :
Collins ; Grijalbo,
2000.
|
| Edición: | 6th ed. |
| Etiquetas: |
Agregar Etiqueta
Sin Etiquetas, Sea el primero en etiquetar este registro!
|
| LEADER | 00966cam a2200229 a 4500 | ||
|---|---|---|---|
| 001 | EEA.libagro009388 | ||
| 005 | 20180605093209.0 | ||
| 008 | 991124s2000####nyu######d####000#0#eng## | ||
| 020 | |a 8425334330 | ||
| 041 | 0 | |a eng |a spa | |
| 082 | 0 | 0 | |a 463.21 |
| 245 | 0 | 0 | |a Collins Spanish dictionary / |c [general editor, Jeremy Butterfield ; contributors, Tom Bartlett ... [et al.]]. |
| 246 | 1 | |a Collins diccionario inglés | |
| 246 | 1 | |a Collins dictionary, español-inglés, English-Spanish | |
| 250 | |a 6th ed. | ||
| 260 | |a Glasgow ; |a New York : |b Collins ; |a Barcelona : |b Grijalbo, |c 2000. | ||
| 300 | |a xlv, 2141, 63 p. ; |c 27 cm. + |e 1 CD-ROM. | ||
| 500 | |a Rev. ed. of: Collins Spanish-English, English-Spanish dictionary / by Colin Smith. 5th ed. 1997. | ||
| 700 | 1 | |a Butterfield, Jeremy, |d 1951- | |
| 700 | 1 | |a Bartlett, Tom. | |
| 700 | 1 | |a Smith, Colin, |d 1927-1997. |t Collins Spanish-English, English-Spanish dictionary. | |
| 859 | |a AR-BbBCA |b BIB. AGRONOMIA |h C423.61 |i C712a6 |p 2004/4608 | ||
